<?xml version="1.0" encoding="UTF-8"?><marc:collection xmlns:marc="http://www.loc.gov/MARC21/slim">
  <marc:record>
    <marc:leader>02228nas a2200457 c 4500</marc:leader>
    <marc:controlfield tag="001">010055665</marc:controlfield>
    <marc:controlfield tag="003">DE-101</marc:controlfield>
    <marc:controlfield tag="005">20220903041034.0</marc:controlfield>
    <marc:controlfield tag="007">tu</marc:controlfield>
    <marc:controlfield tag="008">991118d19541974xxuu||p|  c|| 0||||1||| c</marc:controlfield>
    <marc:datafield tag="016" ind1="7" ind2=" ">
      <marc:subfield code="2">DE-600</marc:subfield>
      <marc:subfield code="a">3714-X</marc:subfield>
    </marc:datafield>
    <marc:datafield tag="016" ind1="7" ind2=" ">
      <marc:subfield code="2">DE-101</marc:subfield>
      <marc:subfield code="a">010055665</marc:subfield>
    </marc:datafield>
    <marc:datafield tag="035" ind1=" " ind2=" ">
      <marc:subfield code="a">(DE-599)ZDB3714-X</marc:subfield>
    </marc:datafield>
    <marc:datafield tag="035" ind1=" " ind2=" ">
      <marc:subfield code="a">(OCoLC)225387514</marc:subfield>
    </marc:datafield>
    <marc:datafield tag="040" ind1=" " ind2=" ">
      <marc:subfield code="a">9001</marc:subfield>
      <marc:subfield code="b">ger</marc:subfield>
      <marc:subfield code="c">DE-101</marc:subfield>
      <marc:subfield code="d">9999</marc:subfield>
    </marc:datafield>
    <marc:datafield tag="042" ind1=" " ind2=" ">
      <marc:subfield code="a">zdb</marc:subfield>
    </marc:datafield>
    <marc:datafield tag="044" ind1=" " ind2=" ">
      <marc:subfield code="c">XD-US</marc:subfield>
    </marc:datafield>
    <marc:datafield tag="082" ind1="7" ind2="4">
      <marc:subfield code="a">010</marc:subfield>
      <marc:subfield code="q">DE-600</marc:subfield>
      <marc:subfield code="2">22sdnb</marc:subfield>
    </marc:datafield>
    <marc:datafield tag="110" ind1="2" ind2=" ">
      <marc:subfield code="0">(DE-588)35626-8</marc:subfield>
      <marc:subfield code="0">https://d-nb.info/gnd/35626-8</marc:subfield>
      <marc:subfield code="0">(DE-101)000356263</marc:subfield>
      <marc:subfield code="a">Library of Congress</marc:subfield>
      <marc:subfield code="e">Verfasser</marc:subfield>
      <marc:subfield code="4">aut</marc:subfield>
      <marc:subfield code="2">gnd</marc:subfield>
    </marc:datafield>
    <marc:datafield tag="245" ind1="1" ind2="0">
      <marc:subfield code="a">Library of Congress catalogs</marc:subfield>
      <marc:subfield code="b">a cumulative list of works represented by Library of Congress printed cards</marc:subfield>
      <marc:subfield code="n">Books</marc:subfield>
      <marc:subfield code="n">Subjects</marc:subfield>
      <marc:subfield code="n">[Jahresausgabe]</marc:subfield>
      <marc:subfield code="c">comp. and ed. by the Catalog Publication Division of the Processing Department, Library of Congress</marc:subfield>
    </marc:datafield>
    <marc:datafield tag="246" ind1="1" ind2="3">
      <marc:subfield code="a">Library of Congress catalogs / Books / Subjects / Jahresausgabe</marc:subfield>
    </marc:datafield>
    <marc:datafield tag="246" ind1="3" ind2=" ">
      <marc:subfield code="a">Catalogs</marc:subfield>
    </marc:datafield>
    <marc:datafield tag="246" ind1="3" ind2=" ">
      <marc:subfield code="a">Catalog</marc:subfield>
    </marc:datafield>
    <marc:datafield tag="247" ind1="0" ind2="0">
      <marc:subfield code="a">Library of Congress catalog</marc:subfield>
      <marc:subfield code="f">Hauptsacht. bis 1970</marc:subfield>
    </marc:datafield>
    <marc:datafield tag="264" ind1="3" ind2="1">
      <marc:subfield code="a">Washington, DC</marc:subfield>
      <marc:subfield code="b">Libr. of Congress</marc:subfield>
      <marc:subfield code="c">1954-1974</marc:subfield>
    </marc:datafield>
    <marc:datafield tag="336" ind1=" " ind2=" ">
      <marc:subfield code="a">Text</marc:subfield>
      <marc:subfield code="b">txt</marc:subfield>
      <marc:subfield code="2">rdacontent</marc:subfield>
    </marc:datafield>
    <marc:datafield tag="337" ind1=" " ind2=" ">
      <marc:subfield code="a">ohne Hilfsmittel zu benutzen</marc:subfield>
      <marc:subfield code="b">n</marc:subfield>
      <marc:subfield code="2">rdamedia</marc:subfield>
    </marc:datafield>
    <marc:datafield tag="338" ind1=" " ind2=" ">
      <marc:subfield code="a">Band</marc:subfield>
      <marc:subfield code="b">nc</marc:subfield>
      <marc:subfield code="2">rdacarrier</marc:subfield>
    </marc:datafield>
    <marc:datafield tag="362" ind1="0" ind2=" ">
      <marc:subfield code="a">1953(1954) - 1974</marc:subfield>
    </marc:datafield>
    <marc:datafield tag="363" ind1="0" ind2="0">
      <marc:subfield code="8">1.1\x</marc:subfield>
      <marc:subfield code="i">1953</marc:subfield>
    </marc:datafield>
    <marc:datafield tag="363" ind1="1" ind2="0">
      <marc:subfield code="8">1.2\x</marc:subfield>
      <marc:subfield code="i">1974</marc:subfield>
    </marc:datafield>
    <marc:datafield tag="591" ind1=" " ind2=" ">
      <marc:subfield code="a">F/C!B!C</marc:subfield>
    </marc:datafield>
    <marc:datafield tag="655" ind1=" " ind2="7">
      <marc:subfield code="0">(DE-588)4067488-5</marc:subfield>
      <marc:subfield code="0">https://d-nb.info/gnd/4067488-5</marc:subfield>
      <marc:subfield code="0">(DE-101)040674886</marc:subfield>
      <marc:subfield code="a">Zeitschrift</marc:subfield>
      <marc:subfield code="2">gnd-content</marc:subfield>
    </marc:datafield>
    <marc:datafield tag="655" ind1=" " ind2="7">
      <marc:subfield code="0">(DE-588)4163417-2</marc:subfield>
      <marc:subfield code="0">https://d-nb.info/gnd/4163417-2</marc:subfield>
      <marc:subfield code="0">(DE-101)041634179</marc:subfield>
      <marc:subfield code="a">Katalog</marc:subfield>
      <marc:subfield code="2">gnd-content</marc:subfield>
    </marc:datafield>
    <marc:datafield tag="772" ind1="0" ind2="8">
      <marc:subfield code="i">1964 u. 1974 in</marc:subfield>
      <marc:subfield code="a">Library of Congress</marc:subfield>
      <marc:subfield code="t">Library of Congress catalogs / Books / Subjects / Quinquennial cumulation</marc:subfield>
      <marc:subfield code="d">Totowa, NJ : Rowman &amp; Littlefield, 1955-1976</marc:subfield>
      <marc:subfield code="w">(DE-600)3709-6</marc:subfield>
      <marc:subfield code="w">(DE-101)010055568</marc:subfield>
    </marc:datafield>
    <marc:datafield tag="780" ind1="0" ind2="0">
      <marc:subfield code="i">Vorg.:</marc:subfield>
      <marc:subfield code="a">Library of Congress</marc:subfield>
      <marc:subfield code="t">&#152;The&#156; Library of Congress subject catalog / Jahresausgabe. [Jahresausgabe]</marc:subfield>
      <marc:subfield code="d">Washington, DC : Libr., 1951-1953</marc:subfield>
      <marc:subfield code="w">(DE-600)424121-6</marc:subfield>
      <marc:subfield code="w">(DE-101)012382132</marc:subfield>
    </marc:datafield>
    <marc:datafield tag="785" ind1="0" ind2="0">
      <marc:subfield code="i">Forts.:</marc:subfield>
      <marc:subfield code="a">Library of Congress</marc:subfield>
      <marc:subfield code="t">Library of Congress catalogs / Subject catalog / Jahresausgabe</marc:subfield>
      <marc:subfield code="d">Washington, DC : Libr. of Congress, 1976-1983</marc:subfield>
      <marc:subfield code="x">0096-8803</marc:subfield>
      <marc:subfield code="w">(DE-600)241774-1</marc:subfield>
      <marc:subfield code="w">(DE-101)011460342</marc:subfield>
    </marc:datafield>
    <marc:datafield tag="850" ind1=" " ind2=" ">
      <marc:subfield code="a">DE-101a</marc:subfield>
    </marc:datafield>
    <marc:datafield tag="930" ind1=" " ind2=" ">
      <marc:subfield code="r">Books</marc:subfield>
    </marc:datafield>
    <marc:datafield tag="930" ind1=" " ind2=" ">
      <marc:subfield code="r">Subjects</marc:subfield>
    </marc:datafield>
    <marc:datafield tag="930" ind1=" " ind2=" ">
      <marc:subfield code="r">[Jahresausgabe]</marc:subfield>
    </marc:datafield>
  </marc:record>
</marc:collection>
